Characters in WJEC latin literature. Superstition and magic - Statistics

General Stats
  • This quiz has been taken 2 times
  • The average score is 12 of 22
Answer Stats
Clue Character % Correct
Who urges the above to go to the senate house Brutus/Decimus Brutus
100%
Who Suetonius writes about Julius Caesar/Caesar
100%
Who the above is cursing Aeneas
50%
The 4 above’s wife Calpurina
50%
What is the above’s title. Queen of … Carthage
50%
Who the priestess in Virgil calls upon second Chaos
50%
Who the above knows the magic arts and spells of Circe
50%
Who the priestess in Virgil calls upon that has ‘three faces’ Diana
50%
Who Virgil writes about Dido
50%
Who Ovid writes about Dipsas
50%
Who the priestess in Virgil calls upon first Erebus
50%
Who Pliny is writes about not finishing their work Gaius Fannius
50%
Who Horace talks about Galatea
50%
Who the priestess in Virgil calls upon that is ‘triple bodied’ Hecate
50%
Who the 3 above dreamed he was holding hands with Jupiter
50%
Who Petronius loves Melissa
50%
Who dreams about martial Nasidanius
50%
Who the answer above writes about Nero
50%
Who Pliny is sending the letter to Novius Maximus
50%
Who tells the 2 above to beware the ides of March Spurinna
50%
Who the 2 above has never seen whilst sober The mother of black memnon/eos
50%
Who the above was married to until he died Terentius
0%
No matching quizzes found
Score Distribution
Percent of People with Each Score
Percentile by Number Answered
Your Score History
You have not taken this quiz